La filosofía actual
Zapisane w:
| 1. autor: | |
|---|---|
| Format: | Książka |
| Język: | hiszpański |
| Wydane: |
Ciudad de México
Fondo de Cultura Económica
1951
|
| Wydanie: | 2a. ed |
| Seria: | Breviarios del Fondo de Cultura Económica, 16
|
| Hasła przedmiotowe: | |
| Etykiety: |
Dodaj etykietę
Nie ma etykietki, Dołącz pierwszą etykiete!
|
MARC
| LEADER | 00000cam a2200000 a 4500 | ||
|---|---|---|---|
| 001 | UCW5826 | ||
| 003 | CL-VaPUC | ||
| 008 | 910812e19510000MX |||||||||||||||||spa|d | ||
| 082 | 0 | 4 | |a 190 |b BOC |2 21 |
| 100 | |a Bochénski, Innocentius M |e author |9 304812 | ||
| 245 | 1 | 3 | |a La filosofía actual |
| 250 | |a 2a. ed | ||
| 300 | |a 340 p | ||
| 942 | |c BK | ||
| 945 | |d 19910812 00:00:00 | ||
| 260 | |a Ciudad de México |b Fondo de Cultura Económica |c 1951 | ||
| 650 | 0 | |a Filosofía moderna |9 258121 | |
| 583 | |a last modification |c 20131021 07:11:24 |k Rodrigo Vera | ||
| 490 | 0 | |a Breviarios del Fondo de Cultura Económica, 16 | |
| 999 | |c 219146 |d 219144 | ||
| 952 | |0 0 |1 0 |4 0 |6 190_000000000000000_BOC_1951 |7 0 |8 P |9 209703 |a BIBEDU |b BIBEDU |c BIBEDU_PB |d 2019-11-15 |i 2775913 |o 190 BOC 1951 |p 2775913 |r 2024-01-25 |w 2019-11-15 |y BK |k FIL | ||
| 952 | |0 0 |1 0 |4 0 |6 190_000000000000000_BOC_1951 |7 0 |8 P |9 209704 |a BIBEDU |b BIBEDU |c BIBEDU_PB |d 2019-11-15 |i 2775921 |o 190 BOC 1951 |p 2775921 |r 2024-01-25 |w 2019-11-15 |y BK |k EDU | ||
| 952 | |0 0 |1 0 |4 0 |6 190_000000000000000_BOC_1951 |7 0 |8 P |9 209705 |a BIBEDU |b BIBEDU |c BIBEDU_PB |d 2019-11-15 |i 277593K |o 190 BOC 1951 |p 277593K |r 2024-01-25 |w 2019-11-15 |y BK |k EDU | ||
| 952 | |0 0 |1 0 |4 0 |6 190_000000000000000_BOC_1951 |7 0 |8 P |9 209706 |a BIBEDU |b BIBEDU |c BIBEDU_PB |d 2019-11-15 |i 2775948 |o 190 BOC 1951 |p 2775948 |r 2024-01-25 |w 2019-11-15 |y BK |k EDU | ||
| 952 | |0 0 |1 0 |4 0 |6 190_000000000000000_BOC_1951 |7 0 |8 P |9 209707 |a BIBEDU |b BIBEDU |c BIBEDU_PB |d 2019-11-15 |i 2775956 |o 190 BOC 1951 |p 2775956 |r 2024-01-25 |w 2019-11-15 |y BK |k EDU | ||
| 952 | |0 0 |1 0 |4 0 |6 190_000000000000000_BOC_1951 |7 0 |8 P |9 209708 |a BIBEDU |b BIBEDU |c BIBEDU_PB |d 2019-11-15 |i 2775964 |o 190 BOC 1951 |p 2775964 |r 2024-01-25 |w 2019-11-15 |y BK |k EDU | ||
| 952 | |0 0 |1 0 |4 0 |6 190_000000000000000_BOC_1951 |7 0 |8 P |9 209709 |a BIBEDU |b BIBEDU |c BIBEDU_PB |d 2019-11-15 |i 1610996 |o 190 BOC 1951 |p 1610996 |r 2024-01-25 |w 2019-11-15 |y BK |k EDU | ||
| 952 | |0 0 |1 0 |3 erd |4 0 |6 190_000000000000000_BOC_1951 |7 0 |8 P |9 209710 |a BIBEDU |b BIBEDU |c BIBEDU_PB |d 2019-11-15 |i 5007577 |o 190 BOC 1951 |p 5007577 |r 2024-01-25 |w 2019-11-15 |y BK |z Catalogado en:20131025 |k FIL | ||